Software engineering : principles and practice /

Software management. The software life cycle. Supporting technology.

Đã lưu trong:
Sonraí Bibleagrafaíochta
Príomhúdar: Vliet, Hans van.
Formáid: Leabhar
Teanga:English
Foilsithe: Chichester, [England] ; New York : John Wiley and Sons, 2000.
Eagrán:2nd ed.
Ábhair:
Clibeanna: Cuir Clib Leis
Gan Chlibeanna, Bí ar an gcéad duine leis an taifead seo a chlibeáil!
Thư viện lưu trữ: Mạng thư viện Đại học Đà Nẵng
LEADER 00966cam a2200349 i 4500
001 000048038
003 7736
005 20030317145604.0
008 010322|2000 vm 000 eng
020 |a 0471975087 
040 |a IRC  |c IRC  |d IRC 
041 0 |a eng 
082 1 4 |a 005.1  |b VL-H 
100 1 |a Vliet, Hans van. 
245 0 0 |a Software engineering :  |b principles and practice /  |c Hans van Vliet. 
250 |a 2nd ed. 
260 |a Chichester, [England] ; New York :  |b John Wiley and Sons,  |c 2000. 
300 |a 726 p. :  |b ill. ;  |c 24cm. 
520 3 |a Software management. The software life cycle. Supporting technology. 
630 0 4 |a Computer. 
630 0 4 |a Software engineering. 
650 0 4 |a Software engineering. 
OWN |a DUT 
999 |a From the UDN01 
TYP |a Monograph 
TYP |a Printed language 
980 |a Mạng thư viện Đại học Đà Nẵng